000 00349nam a2200133Ia 4500
008 191201s2004 xx 000 0 und d
082 _a005.117
_bKAO
100 _aKAHATE, Atul
245 0 _aObject Oriented Analysis and Design
260 _aN.Delhi
_bTata Mc Graw Hill Pubg. co. Ltd
_c2004
300 _a424
650 _aB.Tech(CSE)
942 _2ddc
_cBK
999 _c832
_d832